000 01403cam a22003134a 4500
001 13430667
005 20260312184757.0
008 031210s2004 ii a b 001 0 eng
020 _a0761998306
_qCloth
020 _a0761932356
_qPaper
020 _a9780761998303
_q(Cloth)
020 _a9780761932352
_q(Paper)
050 0 0 _aHN690.I56
_bI84 2004
082 0 0 _a303.48/33/0954
_222
245 0 0 _aIT experience in India :
_bbridging the digital divide /
_ceditors, Kenneth Keniston and Deepak Kumar.
260 _aNew Delhi ;
_aThousand Oaks, Calif. :
_bSAGE Publications,
_cc2004.
300 _a194 p. :
_bill. ;
_c22 cm.
500 _aPapers from a "Workshop on 'Equity, Diversity, and Information Technology?', held at the National Institute of Advanced Studies at the Indian Institute of Science in Bangalore.
650 0 _aDigital divide
_zIndia
_vCongresses.
650 0 _aInformation technology
_xSocial aspects
_zIndia
_vCongresses.
650 0 _aTelecommunication
_xSocial aspects
_zIndia
_vCongresses.
650 0 _aEquality
_zIndia
_vCongresses.
650 0 _aEconomic development projects
_zIndia
_vCongresses.
700 1 _aKeniston, Kenneth.
700 1 _aKumar, Deepak.
856 4 1 _3Table of contents only
_uhttp://www.loc.gov/catdir/toc/ecip0412/2003026836.html
856 4 2 _3Publisher description
_uhttp://www.loc.gov/catdir/enhancements/fy0657/2003026836-d.html
942 _2lcc
_cBK
_n0
999 _c9000
_d9000